000 00444nam a2200181Ia 4500
005 20230601095137.0
008 131103s9999 xx 000 0 und d
040 _aLoreto College
041 _aEnglish
082 _aF
_bCLE
100 _aCleverly,Barbara
245 4 _aThe Last Kashmiri Rose
_cBarbara Cleverly
260 _aLondon
_bRobinson
_c2001
300 _a287 p.
650 _aFiction in English
850 _aLCLIB
942 _cBK
999 _c17259
_d67738